000 00604nam a2200157 4500
001 139507
003 ES-MaACL
005 20230906195827.0
007 t|
008 070214s1907 fr r ||||1| fre d
100 1 _aSchefer, Christian.
_9104264
245 1 3 _aLa France moderne et le problème colonial
_b: les traditions et les idées /
_cpar Christian Schefer.
_n, . I,
_pLes traditions et les idées nouvelles, la réorganisation administrative, la reprise de l'expansion (1815-1830).
260 _aParis :
_bFélix,
_cAlcan (
_f1907)
300 _aXX, 460 p. ;
_c23 cm.
852 _aES-MaACL
_jG-7160
999 _c139507
_d139507